Les 100 plus grandes villes de Bourgogne-Franche-Comté sur une carte - Statistiques

Statistiques générales
  • Ce quiz a été pris 389 fois
  • Le résultat moyen est 34 sur 100
Réponses sur la Carte
Les réponses sont colorées sur une échelle allant du rouge au vert en fonction du pourcentage des utilisateurs qui les ont devinées à leur premier essai. Vous pouvez retrouver ces pourcentages ci-dessous.
 
Statistiques - réponses
Population Département Ville % Correct
159 346 21 Dijon
99%
119 198 25 Besançon
98%
34 778 89 Auxerre
94%
45 155 90 Belfort
93%
34 448 71 Mâcon
92%
32 830 58 Nevers
91%
45 031 71 Chalon-sur-Saône
89%
17 043 39 Lons-le-Saunier
86%
23 775 39 Dole
85%
15 130 70 Vesoul
84%
20 032 21 Beaune
84%
25 573 25 Montbéliard
83%
27 034 89 Sens
83%
17 849 25 Pontarlier
76%
20 731 71 Le Creusot
71%
13 145 71 Autun
69%
6 387 89 Avallon
59%
8 727 39 Saint-Claude
58%
16 831 71 Montceau-les-Mines
56%
3 795 25 Sochaux
56%
4 788 21 Montbard
55%
9 437 58 Cosne-Cours-sur-Loire
53%
7 918 70 Lure
53%
14 445 21 Chenôve
51%
6 454 71 Louhans
48%
9 218 89 Joigny
42%
4 301 89 Tonnerre
42%
5 551 70 Gray
41%
5 309 21 Nuits-Saint-Georges
40%
11 894 21 Talant
40%
8 869 21 Quetigny
38%
5 627 71 Tournus
37%
8 847 21 Fontaine-lès-Dijon
36%
6 867 25 Morteau
36%
13 944 25 Audincourt
35%
5 378 21 Châtillon-sur-Seine
35%
9 239 71 Paray-le-Monial
35%
7 498 71 Digoin
34%
10 478 70 Héricourt
34%
6 659 70 Luxeuil-les-Bains
34%
7 602 21 Auxonne
33%
4 334 21 Is-sur-Tille
33%
4 068 21 Semur-en-Auxois
33%
4 990 71 Cluny
32%
8 000 39 Champagnole
31%
10 944 21 Chevigny-Saint-Sauveur
31%
5 680 90 Delle
31%
4 011 39 Poligny
31%
5 152 58 Decize
28%
6 616 71 Gueugnon
28%
4 672 58 La Charité-sur-Loire
27%
8 676 21 Longvic
27%
7 068 89 Migennes
24%
7 490 21 Saint-Apollinaire
24%
10 765 25 Valentigney
24%
4 979 71 Montchanin
23%
3 683 39 Les Rousses
22%
5 165 21 Genlis
21%
5 309 21 Marsannay-la-Côte
21%
4 220 89 Saint-Florentin
20%
9 180 58 Varennes-Vauzelles
20%
4 991 25 Baume-les-Dames
19%
5 454 71 Chagny
18%
5 167 39 Hauts de Bienne
18%
6 541 71 Saint-Rémy
17%
4 986 25 Saint-Vit
17%
4 244 25 Maîche
16%
4 422 25 Ornans
16%
6 199 71 Saint-Marcel
16%
5 724 25 Valdahon
16%
5 136 89 Villeneuve-sur-Yonne
16%
3 923 39 Tavaux
15%
6 012 71 Blanzy
13%
7 969 71 Charnay-lès-Mâcon
13%
3 675 71 Chauffailles
13%
4 037 58 Fourchambault
12%
5 228 25 Villers-le-Lac
12%
4 663 71 Bourbon-Lancy
11%
8 503 71 Saint-Vallier
11%
5 308 25 Bethoncourt
10%
6 145 71 Châtenoy-le-Royal
10%
5 236 90 Valdoie
10%
4 595 90 Bavilliers
9%
3 700 70 Champagney
9%
3 693 58 Coulanges-lès-Nevers
9%
4 111 89 Monéteau
9%
5 005 90 Beaucourt
8%
3 715 25 Étupes
8%
5 857 25 Grand-Charmont
8%
4 731 25 Mandeure
8%
4 030 25 Pont-de-Roide-Vermondans
8%
4 295 71 Sanvignes-les-Mines
8%
4 807 89 Charny Orée de Puisaye
7%
3 780 70 Fougerolles-Saint-Valbert
7%
4 082 71 La Chapelle-de-Guinchay
7%
5 784 25 Seloncourt
7%
4 824 89 Paron
6%
3 675 58 Marzy
5%
4 109 90 Offemont
5%
3 685 58 Garchizy
3%
Aucun quiz correspondant
Distribution des résultats
% des personnes avec chaque résultat
Percentile par nombre de réponses
Votre historique - résultats
Vous n’avez pas pris ce quiz